<?xml version="1.0" encoding="UTF-8"?>
<record
    xmlns:xsi="http://www.w3.org/2001/XMLSchema-instance"
    xsi:schemaLocation="http://www.loc.gov/MARC21/slim http://www.loc.gov/standards/marcxml/schema/MARC21slim.xsd"
    xmlns="http://www.loc.gov/MARC21/slim">

  <leader>04616nam a2200481 i 4500</leader>
  <controlfield tag="001">138148</controlfield>
  <controlfield tag="003">FINmELB</controlfield>
  <controlfield tag="005">20241217181202.0</controlfield>
  <controlfield tag="006">m     o  d |      </controlfield>
  <controlfield tag="007">cr cnu||||||||</controlfield>
  <controlfield tag="008">210615s2018    ag      o     000 0 spa d</controlfield>
  <datafield tag="020" ind1=" " ind2=" ">
    <subfield code="a">9789874490391</subfield>
    <subfield code="q">(e-book)</subfield>
  </datafield>
  <datafield tag="020" ind1=" " ind2=" ">
    <subfield code="z">9789879493298</subfield>
  </datafield>
  <datafield tag="035" ind1=" " ind2=" ">
    <subfield code="a">(OCoLC)1257034726</subfield>
  </datafield>
  <datafield tag="040" ind1=" " ind2=" ">
    <subfield code="a">FINmELB</subfield>
    <subfield code="b">spa</subfield>
    <subfield code="e">rda</subfield>
    <subfield code="c">FINmELB</subfield>
  </datafield>
  <datafield tag="050" ind1=" " ind2="4">
    <subfield code="a">H62</subfield>
    <subfield code="b">.E344 2018</subfield>
  </datafield>
  <datafield tag="080" ind1=" " ind2=" ">
    <subfield code="a">330.1</subfield>
  </datafield>
  <datafield tag="082" ind1="0" ind2="4">
    <subfield code="a">330.712</subfield>
    <subfield code="2">23</subfield>
  </datafield>
  <datafield tag="100" ind1="1" ind2=" ">
    <subfield code="a">Eggers, Francisco Guillermo,</subfield>
    <subfield code="e">autor.</subfield>
  </datafield>
  <datafield tag="245" ind1="1" ind2="0">
    <subfield code="a">Econom&#xED;a /</subfield>
    <subfield code="c">Francisco Guillermo Eggers ; con colaboraci&#xF3;n de: Antonio Elio Brailovsky.</subfield>
  </datafield>
  <datafield tag="264" ind1=" " ind2="1">
    <subfield code="a">Ituzaing&#xF3; :</subfield>
    <subfield code="b">Maipue,</subfield>
    <subfield code="c">2018.</subfield>
  </datafield>
  <datafield tag="300" ind1=" " ind2=" ">
    <subfield code="a">1 recurso en l&#xED;nea (224 p&#xE1;ginas)</subfield>
  </datafield>
  <datafield tag="336" ind1=" " ind2=" ">
    <subfield code="a">texto</subfield>
    <subfield code="b">txt</subfield>
    <subfield code="2">rdacontent/spa</subfield>
  </datafield>
  <datafield tag="337" ind1=" " ind2=" ">
    <subfield code="a">computadora</subfield>
    <subfield code="b">c</subfield>
    <subfield code="2">rdamedia/spa</subfield>
  </datafield>
  <datafield tag="338" ind1=" " ind2=" ">
    <subfield code="a">recurso en l&#xED;nea</subfield>
    <subfield code="b">cr</subfield>
    <subfield code="2">rdacarrier/spa</subfield>
  </datafield>
  <datafield tag="505" ind1="0" ind2=" ">
    <subfield code="a">Econom&#xED;a; P&#xE1;gina Legal; &#xCD;ndice; Cap&#xED;tulo I La Ciencia Econ&#xF3;mica; 1.1: La Econom&#xED;a; Concepto:; La  ciencia  econ&#xF3;mica; El  problema  econ&#xF3;mico; El costo de oportunidad; 1.2: La econom&#xED;a como ciencia social; 1.3: Econom&#xED;a positiva y normativa; 1.4: Microeconom&#xED;a y Macroeconom&#xED;a; 1.5: Necesidades; 1.6: Bienes y servicios; 1.7: Los factores productivos; La frontera de posibilidades de producci&#xF3;n; Cap&#xED;tulo II La actividad econ&#xF3;mica  y los agentes econ&#xF3;micos; 2.1: Concepto de actividad econ&#xF3;mica y agentes econ&#xF3;micos; Empresas:  productores; Econom&#xED;as  dom&#xE9;sticas:  consumidores; Sector p&#xFA;blico.</subfield>
  </datafield>
  <datafield tag="505" ind1="8" ind2=" ">
    <subfield code="a">2.2:  Intereses  que  act&#xFA;an  en  la  vida2.3: Desigualdad de recursos y medios econ&#xF3;micos; 2.4: Sistemas econ&#xF3;micos: concepto; 2.5: Los circuitos econ&#xF3;micos; Unidades  de  decisi&#xF3;n; Circuito  econ&#xF3;mico  simple; Actividades b&#xE1;sicas de los agentes: producci&#xF3;n, distribuci&#xF3;n y consumo; Sistema econ&#xF3;mico complejo; Cap&#xED;tulo III El funcionamiento de las econom&#xED;as de mercado; 3.1: Una econom&#xED;a de mercado muy simple; 3.2: La curva de demanda; 3.3: La curva de oferta; 3.4:  La  formaci&#xF3;n  de  precios:  el equilibrio del mercado; 3.5: Asignaci&#xF3;n de recursos y fases.</subfield>
  </datafield>
  <datafield tag="505" ind1="8" ind2=" ">
    <subfield code="a">3.6: Desplazamiento de las curvas de oferta y demandaDesplazamiento  de  la  demanda  por  variaci&#xF3;n  en  el  ingreso  de  los demandantes; Desplazamiento  de  la  demanda  por  cambios  en  las  preferencias; Desplazamiento de la demanda por cambios en productos sustitutos; Desplazamiento  de  la  demanda  por  cambios  en  productos  complementarios; Desplazamiento  de  la  oferta  por  variaci&#xF3;n  en  el  costo  de  producci&#xF3;n; Comentarios  sobre  desplazamientos  de  las  curvas; 3.7:  Elasticidad  de  las  curvas  de; Cap&#xED;tulo IV La producci&#xF3;n y la retribuci&#xF3;n de los factores.</subfield>
  </datafield>
  <datafield tag="505" ind1="8" ind2=" ">
    <subfield code="a">4.1: El nivel de producci&#xF3;n que maximiza beneficiosCostos  fijos,  variables  y  totales; Ingresos y costos marginales; 4.2: La producci&#xF3;n en el corto plazo y en el largo plazo; 4.3: La retribuci&#xF3;n de los factores productivos; 4.4: La productividad marginal; La  .ley.  de  rendimientos  decrecientes; 4.5: Teor&#xED;a y realidad econ&#xF3;mica; Cap&#xED;tulo V Las formas de mercado y la competencia; 5.1: La competencia perfecta; Funcionamiento de los mercados de competencia perfecta; 5.2: El monopolio; Consecuencias del monopolio; 5.3: El oligopolio.</subfield>
  </datafield>
  <datafield tag="505" ind1="8" ind2=" ">
    <subfield code="a">5.4: La concentraci&#xF3;n de la demanda: monopsonio y oligopsonio5.5: La competencia monopol&#xED;stica; 5.6: El funcionamiento de los precios m&#xE1;ximos; Precios  m&#xE1;ximos  en  mercados  competitivos; Precios m&#xE1;ximos en un monopolio; Precios  m&#xE1;ximos  en  mercados  de  competencia  imperfecta; Cap&#xED;tulo VI La intervenci&#xF3;n del Estado en la econom&#xED;a; 6.1: Las fallas del mercado; 6.2:  La  financiaci&#xF3;n  del  Estado  a; 6.3: Las fallas del Estado;  6.4: Econom&#xED;as capitalistas, centralizadas y mixtas; El  capitalismo; El  comunismo; Las  econom&#xED;as  mixtas; Cap&#xED;tulo VII La Contabilidad Nacional.</subfield>
  </datafield>
  <datafield tag="505" ind1="8" ind2=" ">
    <subfield code="a">7.1: La macroeconom&#xED;a, la pol&#xED;tica econ&#xF3;mica y las cuentas nacionales.</subfield>
  </datafield>
  <datafield tag="588" ind1=" " ind2=" ">
    <subfield code="a">Descripci&#xF3;n basada en metadatos suministrados por el editor y otras fuentes.</subfield>
  </datafield>
  <datafield tag="590" ind1=" " ind2=" ">
    <subfield code="a">Recurso electr&#xF3;nico. Santa Fe, Arg.: elibro, 2021. Disponible v&#xED;a World Wide Web. El acceso puede estar limitado para las bibliotecas afiliadas a elibro.</subfield>
  </datafield>
  <datafield tag="650" ind1=" " ind2="4">
    <subfield code="a">Econom&#xED;a</subfield>
    <subfield code="x">Ense&#xF1;anza polimodal.</subfield>
  </datafield>
  <datafield tag="650" ind1=" " ind2="0">
    <subfield code="a">Economics</subfield>
    <subfield code="x">Study and teaching.</subfield>
  </datafield>
  <datafield tag="655" ind1=" " ind2="4">
    <subfield code="a">Libros electr&#xF3;nicos.</subfield>
  </datafield>
  <datafield tag="700" ind1="1" ind2=" ">
    <subfield code="a">Brailovsky, Antonio Elio.</subfield>
  </datafield>
  <datafield tag="797" ind1="2" ind2=" ">
    <subfield code="a">elibro, Corp.</subfield>
  </datafield>
  <datafield tag="856" ind1="4" ind2="0">
    <subfield code="u">https://elibro.net/ereader/politecnicointernacional/145751</subfield>
  </datafield>
  <datafield tag="999" ind1=" " ind2=" ">
    <subfield code="c">138148</subfield>
    <subfield code="d">138148</subfield>
  </datafield>
</record>
